El gran salto de la señora Olga Pulgovich. /
Guardado en:
| Autor Principal: | |
|---|---|
| Otros Autores: | |
| Formato: | Libro |
| Idioma: | Undetermined |
| Publicado: |
Buenos Aires :
Norma,
2009.
|
| Series: | Torre de papel naranja
|
| Materias: | |
| Etiquetas: |
Agregar Etiqueta
Sin Etiquetas, Sea el primero en etiquetar este registro!
|
| LEADER | 00670nam a22002055a 4500 | ||
|---|---|---|---|
| 001 | CEM.cems019819 | ||
| 008 | 221026s2009####ag############000#0#und#d | ||
| 005 | 20221027090154.0 | ||
| 245 | 1 | 0 | |a El gran salto de la señora Olga Pulgovich. / |c Laura Escudero: ilustrador Marian Ruiz Johnson. |
| 260 | |a Buenos Aires : |b Norma, |c 2009. | ||
| 300 | |a 32 p. ; |c 14 cm. | ||
| 490 | 1 | |a Torre de papel naranja | |
| 020 | |a 9789875455351 | ||
| 100 | 1 | |a Escudero, Laura. | |
| 700 | 1 | |a Ruiz Johnson, Marian; il. | |
| 082 | 0 | 4 | |a A868.4 |
| 653 | |a Literatura Infantil | ||
| 653 | |a Literatura Juvenil | ||
| 653 | |a Cuentos | ||
| 859 | |a CEMS |b BIB. CEMS - Inicial y Primaria |h A868.4 |i Eb197 |k IP |p 5038 |t Ej.1 | ||
